000 00339nam a22001457a 4500
008 221104b ||||| |||| 00| 0 eng d
020 _a9780135981948
041 _aeng
080 _a159.9
082 _a159.9 GRE
100 _a25
101 _aPSI
245 _aEDUCATIONAL PSYCHOLOGY CASES FOR TEACHER
_cGREENWOOD G
942 _2udc
_cBK
999 _c58728
_d58728